LEADER 02750nam 2200673 a 450 001 9910456702903321 005 20200520144314.0 010 $a1-283-25864-1 010 $a9786613258649 010 $a0-262-29833-3 035 $a(CKB)2550000000045682 035 $a(EBL)3339266 035 $a(SSID)ssj0000539159 035 $a(PQKBManifestationID)11362616 035 $a(PQKBTitleCode)TC0000539159 035 $a(PQKBWorkID)10568615 035 $a(PQKB)11592885 035 $a(StDuBDS)EDZ0000130995 035 $a(MiAaPQ)EBC3339266 035 $a(OCoLC)868029702 035 $a(MdBmJHUP)muse26684 035 $a(OCoLC)753576850$z(OCoLC)754329749$z(OCoLC)816862195$z(OCoLC)857960958$z(OCoLC)868029702$z(OCoLC)961498464$z(OCoLC)962671767$z(OCoLC)966182803$z(OCoLC)988429200$z(OCoLC)990636263$z(OCoLC)992095016$z(OCoLC)1037932464$z(OCoLC)1038641026$z(OCoLC)1055336580$z(OCoLC)1065678316$z(OCoLC)1081283726 035 $a(OCoLC-P)753576850 035 $a(MaCbMITP)8513 035 $a(Au-PeEL)EBL3339266 035 $a(CaPaEBR)ebr10496255 035 $a(CaONFJC)MIL325864 035 $a(OCoLC)753576850 035 $a(EXLCZ)992550000000045682 100 $a20110218d2011 uy 0 101 0 $aeng 135 $aur|n|---||||| 181 $ctxt 182 $cc 183 $acr 200 10$aMindreading animals$b[electronic resource] $ethe debate over what animals know about other minds /$fRobert W. Lurz 210 $aCambridge, Mass. $cMIT Press$d2011 215 $a1 online resource (264 p.) 225 0 $aA bradford book 300 $a"A Bradford Book." 311 $a0-262-52823-1 311 $a0-262-01605-2 320 $aIncludes bibliographical references and index. 327 $aMindreading in animals : its importance and history -- The logical problem in animal mindreading research -- Solving the logical problem for perceptual state attribution -- Solving the logical problem for belief attribution. 330 8 $aLurz presents a new approach to understanding what mindreading in animals might be, offering a bottom-up model of mental state attribution that is built upon cognitive abilities that animals are known to possess rather than on a preconceived view of the mind applicable to mindreading abilities in humans. 606 $aExtrasensory perception in animals 606 $aCognition in animals 608 $aElectronic books. 615 0$aExtrasensory perception in animals. 615 0$aCognition in animals. 676 $a591.5/13 700 $aLurz$b Robert W.$f1968-$01035625 801 0$bMiAaPQ 801 1$bMiAaPQ 801 2$bMiAaPQ 906 $aBOOK 912 $a9910456702903321 996 $aMindreading animals$92455424 997 $aUNINA LEADER 01732oam 2200433 a 450 001 9910699389003321 005 20230902161732.0 035 $a(CKB)5470000002402022 035 $a(OCoLC)456264987 035 $a(EXLCZ)995470000002402022 100 $a20091013d2009 ua 0 101 0 $aeng 135 $aurmn||||||||| 181 $ctxt$2rdacontent 182 $cc$2rdamedia 183 $acr$2rdacarrier 200 10$aVeterans' disability benefits$b[electronic resource] $epreliminary findings on claims processing trends and improvement efforts : testimony before the Committee on Veterans' Affairs, United States Senate /$fstatement of Daniel Bertoni 210 1$a[Washington, D.C.] :$cU.S. Govt. Accountability Office,$d[2009] 215 $a1 online resource (17 pages) $cillustrations 225 1 $aTestimony ;$vGAO-09-910T 300 $aTitle from PDF title page (GAO, viewed Oct. 13, 2009). 300 $a"For release ... July 29, 2009." 320 $aIncludes bibliographical references. 410 0$aTestimony ;$vGAO-09-910T. 517 $aVeterans' disability benefits 606 $aDisability insurance claims$zUnited States$xEvaluation 606 $aDisabled veterans$xServices for$zUnited States$xEvaluation 615 0$aDisability insurance claims$xEvaluation. 615 0$aDisabled veterans$xServices for$xEvaluation. 700 $aBertoni$b Daniel$01382774 712 02$aUnited States.$bCongress.$bSenate.$bCommittee on Veterans' Affairs. 712 02$aUnited States.$bGovernment Accountability Office. 801 0$bAWC 801 1$bAWC 801 2$bGPO 906 $aBOOK 912 $a9910699389003321 996 $aVeterans' disability benefits$93441943 997 $aUNINA